Algebraic Biology : third international conference, AB 2008, Castle of Hagenberg, Austria, July 31-August 2, 2008 : proceedings /

Bibliographic Details
Corporate Authors: AB 2008 Hagenberg im Mühlkreis, Austria, SpringerLink (Online service)
Other Authors: Horimoto, Katsuhisa
Format: Conference Proceeding eBook
Language:English
Published: Berlin ; New York : Springer, [2008]
Series:LNCS sublibrary. Theoretical computer science and general issues.
Lecture notes in computer science. 5147.
Subjects:
Online Access:Connect to the full text of this electronic book

MARC

Tag First Indicator Second Indicator Subfields
LEADER 00000cam a2200000Ia 4500
001 in00002470421
005 20210817090357.0
006 m d
007 cr cn|||||||||
008 081217s2008 gw a sb 101 0 eng d
020 |a 3540851011 
020 |a 9783540851011 
035 |a (OCoLC)288440366 
035 |a (OCoLC)ocn288440366 
037 |a 978-3-540-85100-4  |b Springer  |n http://www.springerlink.com 
040 |a GW5XE  |b eng  |c GW5XE  |d UtOrBLW 
049 |a TEFA 
050 1 4 |a QH323.5  |b .A23 2008eb 
111 2 |a AB 2008  |d (2008 :  |c Hagenberg im Mühlkreis, Austria)  |0 http://id.loc.gov/authorities/names/nb2008016685 
245 1 0 |a Algebraic Biology :  |b third international conference, AB 2008, Castle of Hagenberg, Austria, July 31-August 2, 2008 : proceedings /  |c Katsuhisa Horimoto [and others], eds. 
246 3 0 |a AB 2008 
264 1 |a Berlin ;  |a New York :  |b Springer,  |c [2008] 
264 4 |c ©2008 
300 |a xii, 244 pages :  |b illustrations ;  |c 24 cm. 
336 |a text  |b txt  |2 rdacontent 
337 |a computer  |b c  |2 rdamedia 
338 |a online resource  |b cr  |2 rdacarrier 
490 1 |a LNCS sublibrary. SL 1, Theoretical computer science and general issues 
490 1 |a Lecture notes in computer science,  |x 0302-9743 ;  |v 5147 
500 |a Electronic resource. 
504 |a Includes bibliographical references and index. 
533 |a Electronic reproduction.  |b New York :  |c Springer,  |d 2008.  |n Mode of access: World Wide Web.  |n System requirements: Web browser.  |n Title from title screen (viewed on Dec. 15, 2008).  |n Access may be restricted to users at subscribing institutions. 
650 0 |a Bioinformatics  |v Congresses.  |0 http://id.loc.gov/authorities/subjects/sh2007101998 
650 0 |a Biomathematics  |v Congresses.  |0 http://id.loc.gov/authorities/subjects/sh2007102011 
650 0 |a Computational biology  |v Congresses.  |0 http://id.loc.gov/authorities/subjects/sh2009121165 
655 7 |a Electronic books.  |2 local 
700 1 |a Horimoto, Katsuhisa.  |0 http://id.loc.gov/authorities/names/nb2007017070 
710 2 |a SpringerLink (Online service)  |0 http://id.loc.gov/authorities/names/no2005046756 
776 1 |c Original  |z 9783540851004  |z 3540851003  |w (DLC) 2008931512  |w (OCoLC)233932748 
830 0 |a LNCS sublibrary.  |n SL 1,  |p Theoretical computer science and general issues.  |0 http://id.loc.gov/authorities/names/no2007042902 
830 0 |a Lecture notes in computer science.  |x 0302-9743 ;  |v 5147.  |0 http://id.loc.gov/authorities/names/n42015162 
856 4 0 |u http://proxy.library.tamu.edu/login?url=https://dx.doi.org/10.1007/978-3-540-85101-1  |z Connect to the full text of this electronic book  |t 0 
994 |a C0  |b TEF 
999 |a MARS 
999 f f |s e9f87225-810f-3540-a698-4ba9d1a1b16f  |i c04bd295-4d46-3019-b8c4-1874e8dedf84  |t 0 
952 f f |a Texas A&M University  |b College Station  |c Electronic Resources  |d Available Online  |t 0  |e QH323.5 .A23 2008eb  |h Library of Congress classification 
998 f f |a QH323.5 .A23 2008eb  |t 0  |l Available Online